Captain Rebel

Bibliographic Details
Main Author: Yerby, Frank
Format: Book
Published: London : Pan Books , 1975
Subjects:

MARC

LEADER 00000cam a2200000 7i4500
001 0000009291
002 000010121
005 20000330.0
020 |a 0330242687 
090 0 0 |a F   |b YER 
100 1 |a Yerby, Frank 
245 1 0 |a Captain Rebel   |c Frank Yerby 
260 |a London :   |b Pan Books ,   |c 1975 
300 |a 239p. ;   |c 18cm. 
650 0 0 |a Adventure stories 
999 |a 0010274   |b BUKU   |c PINJAMAN   |e PERPUSTAKAAN KOMUNITI PETALING JAYA